[Event "Challenge 1"]
[Site "http://www.queenalice.com/game.php?id=1372687"]
[Date "2015.7.22"]
[Round "-"]
[White "Fredov"]
[Black "ThiagoSantos"]
[Result "0-1"]
[WhiteElo "1767"]
[BlackElo "1500"]

1. d4 d5 2. c4 c6 3. Nf3 Nf6 4. Nbd2 dxc4 5. e4 b5 6. Be2 e6 7. a3 Nbd7 8. Qc2
c5 9. b3 cxd4 10. Nxd4 Qb6 11. N2f3 Bc5 12. Be3 Bb7 13. b4 Bxd4 14. Bxd4 Bxe4
15. Qd2 Qd6 16. h3 O-O 17. O-O e5 18. Be3 Qxd2 19. Nxd2 a5 20. f4 Nd5 21. Bc5
Nxc5 22. bxc5 Nxf4 23. Rxf4 exf4 24. Nxe4 Rae8 25. Bf3 b4 26. axb4 axb4 27. Nd6
Re5 28. Nb7 c3 29. Bd1 Re1+ 30. Kf2 Rxd1 31. Rxd1 c2 32. Rc1 b3 33. c6 b2 34.
Rxc2 b1=Q 35. Rd2 Qb6+ 36. Kf1 Qxc6 37. Nd8 Qc1+ 0-1

[Event "Challenge 2"]
[Site "http://www.queenalice.com/game.php?id=1372688"]
[Date "2015.7.22"]
[Round "-"]
[White "ThiagoSantos"]
[Black "Fredov"]
[Result "1-0"]
[WhiteElo "1968"]
[BlackElo "1792"]

1. e4 e5 2. Nf3 Nc6 3. d4 exd4 4. Nxd4 Nf6 5. Nc3 Bb4 6. Nxc6 bxc6 7. Bd3 d5 8.
e5 Nd7 9. O-O O-O 10. Re1 Nc5 11. Qd2 d4 12. Rd1 Be6 13. Qf4 Nxd3 14. Rxd3 Bxc3
15. bxc3 c5 16. cxd4 c6 17. dxc5 Qa5 18. Bd2 Qxc5 19. Rg3 f5 20. Qh6 Rf7 21.
Qxe6 Kf8 22. Rb1 Qxc2 23. Rgb3 Rd8 24. R3b2 Qd3 25. Bb4+ Kg8 26. Bd6 g6 27. Rb7
Qxb1+ 28. Rxb1 Kg7 29. Rb8 Rxb8 30. Bxb8 Rb7 31. h3 Rxb8 32. Qxc6 Rb1+ 33. Kh2
Rb2 34. Qd7+ Kh6 35. Qxa7 Re2 36. f4 Re4 37. Qf2 Kg7 38. Qd2 Kh6 39. g3 Kg7 40.
Qd7+ Kh6 41. Qe7 Re2+ 42. Kg1 Rxa2 43. Qf8+ Kh5 44. Qg7 h6 45. Qd7 Re2 46. Qd3
Ra2 47. Qf3# 1-0

[Event "AUTO-OPEN-3521"]
[Site "http://www.queenalice.com/game.php?id=1375257"]
[Date "2015.8.3"]
[Round "1"]
[White "Shizumaru_Hisame"]
[Black "ThiagoSantos"]
[Result "0-1"]
[WhiteElo "1932"]
[BlackElo "2061"]

1. e4 c5 2. Nf3 Nc6 3. c3 Nf6 4. e5 Nd5 5. Bc4 Nb6 6. Bb3 d5 7. d4 e6 8. O-O c4
9. Ba4 Bd7 10. Bc2 Be7 11. b3 O-O 12. g3 Qc7 13. Ng5 h6 14. Qh5 Be8 15. Nf3 a5
16. Bxh6 g6 17. Qh3 f5 18. Bxf8 Bxf8 19. Qg2 Nd8 20. g4 Qg7 21. gxf5 gxf5 22.
Qxg7+ Bxg7 23. bxc4 Nxc4 24. Nbd2 Rc8 25. Nb1 Rc7 26. h4 Bh6 27. Ng5 Rg7 28. f4
Ne3 29. Rf2 Bxg5 30. hxg5 Rh7 31. Na3 Rh3 32. Bb3 Ng4 33. Rc2 Bh5 34. Re1 Rg3+
35. Kh1 Rf3 36. Rcc1 Nf2+ 37. Kg2 Nd3 38. Rf1 Nxc1 39. Rxf3 Bxf3+ 40. Kxf3 Kg7
41. c4 Nxb3 42. axb3 dxc4 43. Nxc4 Nc6 44. Ke3 b5 45. Nb2 Kg6 46. Kd3 Kh5 47.
Ke3 Kh4 48. Kd2 Kh5 49. Ke3 Ne7 50. b4 Nd5+ 51. Kd2 Nxb4 52. Kc3 Nd5+ 53. Kb3
Nxf4 54. Nc4 bxc4+ 55. Kxc4 Nd5 56. Kb5 f4 57. Kxa5 f3 58. Kb5 f2 59. Kc6 Kxg5
60. Kd6 Kf5 61. Kd7 f1=Q 62. Kd6 Qc1 63. Kd7 Qc7+ 64. Ke8 Qe7# 0-1

[Event "AUTO-OPEN-3521"]
[Site "http://www.queenalice.com/game.php?id=1375281"]
[Date "2015.8.3"]
[Round "1"]
[White "roqqk"]
[Black "ThiagoSantos"]
[Result "0-1"]
[WhiteElo "1702"]
[BlackElo "1923"]

1. e4 c5 2. Bc4 Nc6 3. Qf3 e6 4. Ne2 Nf6 5. d3 d5 6. exd5 exd5 7. Bb5 a6 8. Ba4
b5 9. Bb3 Bb7 10. O-O Be7 11. Re1 c4 12. dxc4 dxc4 13. Bxc4 bxc4 14. Nec3 O-O
15. Nd2 Na5 16. Qe3 Re8 17. Qf4 Bd6 18. Rxe8+ Nxe8 19. Qe3 Nf6 20. f3 Qc7 21.
Nde4 Nxe4 22. Nxe4 Bxe4 23. Qxe4 Bxh2+ 24. Kf1 Rb8 25. Bd2 Qb6 26. Be3 Qxb2 27.
Rd1 Qxa2 28. Bb6 h6 29. Qh4 Be5 30. Qe4 Bf6 31. Bc7 Rc8 32. Be5 Bxe5 33. Qxe5
Qxc2 34. Ke1 Qxg2 35. Rd2 Qxf3 36. Rf2 Qh1+ 37. Ke2 Nb3 38. Qf5 Re8+ 0-1

[Event "AUTO-OPEN-3521"]
[Site "http://www.queenalice.com/game.php?id=1375282"]
[Date "2015.8.3"]
[Round "1"]
[White "ThiagoSantos"]
[Black "roqqk"]
[Result "1-0"]
[WhiteElo "1834"]
[BlackElo "1702"]

1. e4 e5 2. Nf3 Nc6 3. Bc4 Bc5 4. b4 Nxb4 5. c3 Nc6 6. d4 Bb6 7. Nxe5 Nxe5 8.
dxe5 Qe7 9. Qf3 f6 10. Ba3 c5 11. exf6 Nxf6 12. O-O Nxe4 13. Re1 Kd8 14. Rxe4
Qg5 15. h4 Qg6 16. Nd2 Qc6 17. Rae1 d5 18. Bxd5 Qxd5 19. Re8+ Rxe8 20. Qxd5+ Bd7
21. Rxe8+ Kxe8 22. Bxc5 Bc7 23. Qf3 Kd8 24. Qf8+ Be8 25. Qe7+ Kc8 26. Qxe8+ Bd8
27. Be7 Kc7 28. Ne4 Rc8 29. Bxd8+ Rxd8 30. Qe5+ Kc8 31. Nd6+ Kb8 32. Ne8+ Ka8
33. Nc7+ Kb8 34. Na6+ Ka8 35. Qb8+ Rxb8 36. Nc7# 1-0

[Event "AUTO-OPEN-3521"]
[Site "http://www.queenalice.com/game.php?id=1375295"]
[Date "2015.8.3"]
[Round "1"]
[White "rubenov"]
[Black "ThiagoSantos"]
[Result "1/2-1/2"]
[WhiteElo "1885"]
[BlackElo "2079"]

1. d4 d5 2. Nf3 Nf6 3. Nc3 e6 4. a3 g6 5. Bg5 Bg7 6. e3 O-O 7. Bd3 Nbd7 8. O-O
b6 9. Ne5 Bb7 10. f4 c5 11. Bb5 Qc7 12. Bxf6 Nxf6 13. Bd3 a6 14. Qe1 Rfe8 15.
Qh4 Rad8 16. h3 cxd4 17. exd4 Ne4 18. Ne2 Bf6 19. Qe1 Rc8 20. Ng3 Bh4 21. Bxe4
dxe4 22. c3 f6 23. Ng4 Kg7 24. Qe3 Qc6 25. Ne2 Qb5 26. Rab1 Qd3 27. g3 f5 28.
Rfd1 Qxe3+ 29. Nxe3 Bf6 30. h4 b5 31. Kf2 Red8 32. Nc2 a5 33. Ke3 h6 34. Rg1 Kf7
35. Rh1 h5 36. Rhd1 Bd5 37. Nc1 Re8 38. Kd2 Be7 39. Ne3 b4 40. axb4 axb4 41. Ne2
Ba2 1/2-1/2

[Event "AUTO-OPEN-3521"]
[Site "http://www.queenalice.com/game.php?id=1375296"]
[Date "2015.8.3"]
[Round "1"]
[White "ThiagoSantos"]
[Black "rubenov"]
[Result "1-0"]
[WhiteElo "2013"]
[BlackElo "1925"]

1. e4 c5 2. Nf3 b6 3. d4 e6 4. d5 exd5 5. Qxd5 Nc6 6. Bc4 Qe7 7. Ng5 Nh6 8. O-O
f6 9. Nf3 Nf7 10. Re1 Nfe5 11. Nxe5 fxe5 12. a3 Bb7 13. b4 cxb4 14. axb4 Qxb4
15. Rd1 Qe7 16. Bg5 Na5 17. Qxb7 Nxb7 18. Bxe7 Bxe7 19. Bd5 Rb8 20. Rxa7 Nc5 21.
Nd2 d6 22. Rda1 Bf6 23. Ra8 Kd7 24. R1a7+ 1-0

[Event "Challenge"]
[Site "http://www.queenalice.com/game.php?id=1378427"]
[Date "2015.8.19"]
[Round "-"]
[White "frt"]
[Black "ThiagoSantos"]
[Result "0-1"]
[WhiteElo "1686"]
[BlackElo "2058"]

1. f4 Nf6 2. d4 d5 3. e3 Bf5 4. Bd3 Qd7 5. Nf3 e6 6. O-O Be7 7. c3 O-O 8. Ne5
Qd6 9. g4 Bxd3 10. Qxd3 Nfd7 11. Rf3 f6 12. Ng6 hxg6 13. Qxg6 f5 14. g5 e5 15.
Qh5 g6 16. Qh6 exf4 17. Rh3 Kf7 18. Qh7+ Ke8 19. exf4 Nc6 20. Rh6 Qe6 21. Bd2
Qe4 22. Qxg6+ Kd8 23. Qg7 Qc2 24. a4 Qxb2 25. Re6 Qxa1 26. Qxe7+ Nxe7 27. Re1
Rh8 28. c4 Qxd4+ 29. Be3 Qb2 30. Bd2 Nc5 31. Kf2 Ne4+ 32. Ke3 d4+ 33. Kd3 Rh3+
34. Ke2 Nc3+ 35. Kf1 Nxb1 36. Bc1 Rf3+ 37. Kg1 Qf2+ 38. Kh1 Qxe1+ 39. Kg2 Qf2+
40. Kh1 Qf1# 0-1

[Event "Back to Black"]
[Site "http://www.queenalice.com/game.php?id=1378568"]
[Date "2015.8.19"]
[Round "-"]
[White "ThiagoSantos"]
[Black "frt"]
[Result "1-0"]
[WhiteElo "2055"]
[BlackElo "1686"]

1. e4 c5 2. Nf3 Nc6 3. d4 cxd4 4. Nxd4 g6 5. Bc4 Bg7 6. Be3 Nf6 7. Nc3 O-O 8.
Qd2 d6 9. O-O-O Nb4 10. f4 Qa5 11. Kb1 d5 12. Nb3 Qc7 13. Bxd5 Nfxd5 14. Nxd5
Qc4 15. Nxe7+ Kh8 16. Nd5 Qxe4 17. Nxb4 Bf5 18. Rhe1 b6 19. Bxb6 Qc4 20. Bd4 f6
21. Re7 a5 22. Qc3 Qxc3 23. Bxc3 axb4 24. Bxb4 Rfc8 25. Rd2 Bf8 26. Rb7 Bxb4 27.
Rxb4 Rc7 28. Ka1 Bxc2 29. a3 Rac8 30. g3 Rc4 31. Rxc4 Rxc4 32. Nd4 Be4 33. Ne6
Bf5 34. Rd8# 1-0